[Event "N4 Blagny / Chalons"]
[Site "?"]
[Date "2010.10.17"]
[Round "1.5"]
[White "Glod, Philippe"]
[Black "Veillerette, Patrick"]
[Result "1/2-1/2"]
[WhiteElo "1921"]
[BlackElo "1900"]
[PlyCount "38"]
[EventDate "2010.10.17"]
[SourceDate "2010.10.17"]

1. e4 d5 2. exd5 Qxd5 3. Nc3 Qa5 4. Bc4 Nf6 5. d3 c6 6. Bd2 Qc7 7. Qe2 g6 8.
Ne4 Nxe4 9. Qxe4 Bg7 10. Bc3 O-O 11. Bxg7 Kxg7 12. h4 Nd7 13. Ne2 Qe5 14. Qxe5+
(14. O-O-O Qxe4 15. dxe4) 14... Nxe5 15. Bb3 h5 16. f3 Nd7 17. d4 Nf6 18. Kf2
Bf5 19. Rhe1 Rfe8 1/2-1/2

[Event "N4 Blagny / Chalons"]
[Site "?"]
[Date "2010.10.17"]
[Round "1.6"]
[White "Coutier, Camille"]
[Black "Gaubert, Virginie"]
[Result "0-1"]
[WhiteElo "1532"]
[BlackElo "1681"]
[PlyCount "60"]
[EventDate "2010.10.17"]
[SourceDate "2010.10.17"]

1. d4 Nf6 2. c4 c5 3. d5 e6 4. Nc3 exd5 5. cxd5 d6 6. e4 g6 7. Nf3 Bg7 8. Bc4
O-O 9. O-O a6 10. a4 Bg4 11. h3 Bxf3 12. Qxf3 Nbd7 13. Bd2 Ne5 14. Qe2 Nxc4 15.
Qxc4 Nd7 16. f4 {!!!} Re8 17. Rae1 Rb8 18. b3 Nb6 19. Qe2 Rc8 20. a5 Nd7 21.
Nd1 Nf6 22. Nf2 Nxd5 23. Qd3 Nc7 (23... Nb4) 24. Ng4 Nb5 25. Qc4 Nd4 26. f5
gxf5 27. exf5 Rxe1 28. Bxe1 d5 29. Qd3 f6 (29... c4 30. Nh6+ Bxh6 31. Qxd4 cxb3
) 30. Qg3 $2 Ne2+ 0-1

[Event "N4 Blagny / Chalons"]
[Site "?"]
[Date "2010.10.17"]
[Round "1.7"]
[White "Fourcart, Marc"]
[Black "Pogu, Thomas"]
[Result "1-0"]
[WhiteElo "1689"]
[BlackElo "1510"]
[Annotator ",xxxx"]
[PlyCount "77"]
[EventDate "2010.10.17"]
[SourceDate "2010.10.17"]

1. e4 e5 2. f4 {jouant rarement avec les blancs en interclubs je choisis une
ouverture violente: le GAMBIT ROI} exf4 3. Nf3 d6 4. d4 g6 5. Bc4 Bg7 6. O-O
Nc6 7. c3 Nge7 8. Bxf4 O-O 9. Qd2 Kh8 10. Bh6 f6 {
Contrôle "g5" mais offre au blancs les cases blanches} 11. Na3 g5 {les noirs on
t trop de faiblesse sur blanc ils font avoir beaucoup de mal à tenir la
position} 12. Bxg7+ Kxg7 13. Nc2 Ng6 14. Ne3 Nce7 15. Qf2 {
Thomas à du mal à comprendre la position, trop de faiblesse vers son roi} Bd7
16. h4 h6 17. Rae1 Nf4 18. Kh1 {
pour éviter les mauvaises suprises avec ce cavalier} c6 19. Qc2 Be6 20. Bxe6
Nxe6 21. hxg5 (21. d5 {possible mais cela ne me plaisait pas}) 21... fxg5 22.
Nf5+ Nxf5 23. exf5 Nf4 24. g3 g4 $5 {petit coup d'arnaque !} 25. Nh4 Nh5 26.
Kh2 Qd7 27. Re6 (27. f6+ {gagnait rapidement} Rxf6 28. Rxf6 Nxf6 29. Qg6+ Kh8
30. Qxf6+ Qg7 31. Ng6+ Kg8) 27... Nf6 28. Qf2 Rae8 29. Rfe1 d5 30. Qf4 (30. Ng6
{interressant !} Rf7 31. Qe2) 30... Rf7 31. Rxe8 Nxe8 32. Qxg4+ Kh8 33. Ng6+ (
33. Qg6 Nd6 34. Re6 Ne4 35. Qxh6+ Kg8) 33... Kh7 34. Re6 (34. Re7 {
devait gagner par :} Qxe7 (34... Rxe7 35. Nf8+ Kh8 36. Nxd7) 35. Nxe7 Rxe7 36.
Qg6+ Kh8) 34... Nf6 35. Qf4 Qd8 36. g4 Kg7 37. Kh3 (37. Ne5 Rf8 38. g5) 37...
Qc7 38. Ne5 Re7 39. Rxf6 {suivi d'un réseau de mat !!} 1-0

[Event "N4 Blagny / Chalons"]
[Site "?"]
[Date "2010.10.17"]
[Round "1.8"]
[White "Salazar, Cécile"]
[Black "Chebridon, Jean Louis"]
[Result "0-1"]
[WhiteElo "1340"]
[BlackElo "1427"]
[PlyCount "34"]
[EventDate "2010.10.17"]
[SourceDate "2010.10.17"]

1. d4 d5 2. Bf4 Nf6 3. e3 Bf5 4. Nf3 e6 5. Nc3 Bb4 6. a3 Ba5 7. b4 Bb6 8. Be2
c6 9. Ne5 Nbd7 10. O-O O-O 11. Re1 Ne4 12. Nxe4 Bxe4 13. Bg4 Nxe5 14. Bxe5 Qg5
15. Bf4 Qg6 16. Rc1 a5 17. Bh5 Qxg2# 0-1

[Event "Chaumont/Epernay"]
[Site "?"]
[Date "2010.11.14"]
[Round "2"]
[White "PICARD, Serge"]
[Black "PITHOIS, Fabien"]
[Result "1-0"]
[WhiteElo "2084"]
[BlackElo "1852"]
[PlyCount "51"]
[EventDate "2010.11.14"]
[SourceDate "2010.11.14"]

1. e4 e6 2. d4 d5 3. Nd2 dxe4 4. Nxe4 Nd7 5. Bd3 Ngf6 6. Nf3 Nxe4 7. Bxe4 Nf6
8. Bd3 Be7 9. O-O h6 10. c4 O-O 11. Be3 Bd7 12. Ne5 b6 13. Qd2 h5 14. b4 Ng4
15. Nxg4 hxg4 16. f3 gxf3 17. Rxf3 Bc6 18. Rh3 f5 19. b5 Be8 20. Rf1 Bf6 21. d5
exd5 22. Bxf5 dxc4 23. Bh7+ Kf7 24. Qe2 g6 25. Qxc4+ Kg7 26. Bh6+ 1-0

[Event "Chaumont/Epernay"]
[Site "?"]
[Date "2010.11.14"]
[Round "2"]
[White "DURANT, Christophe"]
[Black "DA COSTA, Manuel"]
[Result "1/2-1/2"]
[WhiteElo "1954"]
[BlackElo "1917"]
[PlyCount "55"]
[EventDate "2010.11.14"]
[SourceDate "2010.11.14"]

1. d4 d5 2. Nf3 Nf6 3. Bf4 e6 4. e3 Be7 5. Nbd2 Nbd7 6. Bd3 c5 7. c3 b6 8. Bb5
Bb7 9. Ne5 O-O 10. Nc6 Qe8 11. g4 a6 12. Nxe7+ Qxe7 13. Bxd7 Nxd7 14. Nf3 f6
15. O-O e5 16. Bg3 g5 17. Qc2 e4 18. Nd2 f5 19. gxf5 Rxf5 20. f3 Raf8 21. fxe4
Rxf1+ 22. Rxf1 Rxf1+ 23. Nxf1 dxe4 24. Qf2 Qe6 25. b3 Nf6 26. Qg2 h6 27. c4
cxd4 28. exd4 1/2-1/2

[Event "Chaumont/Epernay"]
[Site "?"]
[Date "2010.11.14"]
[Round "2"]
[White "MASERA, Michel"]
[Black "CREPAUX, Jean Marie"]
[Result "0-1"]
[WhiteElo "1983"]
[BlackElo "1909"]
[PlyCount "74"]
[EventDate "2010.11.14"]
[SourceDate "2010.11.14"]

1. d4 d5 2. c4 c6 3. Nf3 Nf6 4. Nc3 dxc4 5. a4 Bg4 6. Ne5 Bh5 7. g3 e6 8. Bg2
Bb4 9. Nxc4 Nbd7 10. O-O O-O 11. Qd3 Nd5 12. e4 Bg6 13. Qf3 N5b6 14. Qe2 Nf6
15. Nxb6 Qxb6 16. e5 Bxc3 17. bxc3 Nd5 18. Qb2 Rfd8 19. c4 Qxb2 20. Bxb2 Nb4
21. Rfd1 Bc2 22. Rd2 Bb3 23. Bf1 Nc2 24. Rc1 Bxa4 25. Rcxc2 Bxc2 26. Rxc2 Kf8
27. f4 Ke7 28. Ba3+ Kd7 29. Bd6 a5 30. d5 a4 31. Rb2 Kc8 32. dxc6 bxc6 33. Bg2
a3 34. Ra2 Kb7 35. Bxa3 Rd1+ 36. Kf2 Rb1 37. Rd2 Rxa3 0-1

[Event "Chaumont/Epernay"]
[Site "?"]
[Date "2010.11.14"]
[Round "2"]
[White "TATARD, Marie"]
[Black "VOGUET, François"]
[Result "1-0"]
[WhiteElo "1861"]
[BlackElo "1780"]
[PlyCount "93"]
[EventDate "2010.11.14"]
[SourceDate "2010.11.14"]

1. e4 c5 2. Nf3 d6 3. d4 cxd4 4. Nxd4 Nf6 5. Nc3 a6 6. Be2 e6 7. O-O Be7 8. Be3
Nbd7 9. f3 O-O 10. Bf2 Qc7 11. f4 Nc5 12. Bf3 Rd8 13. Qe2 Rb8 14. a3 b5 15. e5
dxe5 16. fxe5 Nd5 17. Nxd5 exd5 18. b4 Ne6 19. Nf5 Bf8 20. Ng3 Bb7 21. Rfe1
Rbc8 22. Rac1 g6 23. Bg4 Bh6 24. Bxe6 fxe6 25. Be3 Bg7 26. Qg4 Qc6 27. Bc5 Bf8
28. Bxf8 Rxf8 29. Ne2 Rf7 30. Kh1 Rcf8 31. h3 Bc8 32. c3 Rf2 33. h4 Kh8 34. Qd4
Qe8 35. Qe3 Bb7 36. Nd4 R2f4 37. Qh3 Bc8 38. Re2 Rf1+ 39. Rxf1 Rxf1+ 40. Kh2
Rf4 41. Qg3 Rf1 42. Rf2 Ra1 43. Qf4 Rxa3 44. Qf8+ Qxf8 45. Rxf8+ Kg7 46. Rxc8
Rxc3 47. Rxc3 1-0

[Event "Chaumont/Epernay"]
[Site "?"]
[Date "2010.11.14"]
[Round "2"]
[White "KERLAU, Gildas"]
[Black "COLLINET, Laurent"]
[Result "1-0"]
[WhiteElo "1809"]
[BlackElo "1830"]
[PlyCount "99"]
[EventDate "2010.11.14"]
[SourceDate "2010.11.14"]

1. d4 Nf6 2. c4 c5 3. d5 b5 4. cxb5 a6 5. bxa6 Bxa6 6. Nc3 d6 7. e4 Bxf1 8.
Kxf1 Nbd7 9. h3 g6 10. g3 Bg7 11. Kg2 O-O 12. Nf3 Qb6 13. Re1 Qb7 14. Qe2 Rab8
15. Rb1 h6 16. Bd2 Kh7 17. b3 e6 18. Qd3 e5 19. a4 Ne8 20. Nb5 f5 21. Nc3 fxe4
22. Nxe4 Ndf6 23. Nc3 Nc7 24. Nh4 e4 25. Rxe4 Nxe4 26. Qxe4 Rf6 27. Bf4 Re8 28.
Qd3 Qb4 29. Be3 Kg8 30. Nxg6 Rxg6 31. Qxg6 Qxc3 32. Bxh6 Re7 33. Qxd6 Rf7 34.
Be3 Qd3 35. Rc1 Nxd5 36. Qd8+ Rf8 37. Qg5 Qe4+ 38. Kg1 Rf5 39. Qg4 Qe6 40. Bxc5
Qh6 41. Rd1 Rg5 42. Qf3 Nc3 43. Rd8+ Kh7 44. Be3 Qg6 45. Bxg5 Qxg5 46. Qd3+ Kh6
47. Rd6+ Bf6 48. Qxc3 Kg7 49. Qxf6+ Qxf6 50. Rxf6 1-0

[Event "Chaumont/Epernay"]
[Site "?"]
[Date "2010.11.14"]
[Round "2"]
[White "PUECH, Armel"]
[Black "PARISOT, Anthony"]
[Result "0-1"]
[WhiteElo "1690"]
[BlackElo "1662"]
[PlyCount "108"]
[EventDate "2010.11.14"]
[SourceDate "2010.11.14"]

1. e4 Nf6 2. e5 Nd5 3. d4 d6 4. Nf3 dxe5 5. Nxe5 c6 6. Bc4 Nd7 7. O-O Nxe5 8.
dxe5 Bf5 9. c3 e6 10. Qb3 Qb6 11. Bxd5 exd5 12. Be3 Qxb3 13. axb3 a6 14. b4 Be7
15. Nd2 O-O 16. Nb3 Rad8 17. Rfe1 Rfe8 18. Bb6 Rd7 19. Nd4 Be6 20. f4 g6 21. h3
h5 22. Kh2 Bf5 23. g4 hxg4 24. hxg4 Bxg4 25. Rg1 Bh5 26. f5 Bd8 27. e6 fxe6 28.
Bxd8 Rexd8 29. Nxe6 Re8 30. Rae1 Rde7 31. Ref1 Kh7 32. fxg6+ Kg8 33. Nf4 Be2
34. Rf2 Kg7 35. Rg3 Rh8+ 36. Kg2 Bc4 37. Rg5 Re1 38. Nh5+ Kh6 39. g7 Rg8 40.
Rf8 d4 41. Rgf5 d3 42. R8f6+ Kh7 43. Rd6 Bd5+ 44. Rfxd5 cxd5 45. Rxd5 Kg6 46.
Nf4+ Kxg7 47. Rg5+ Kf7 48. Rxg8 Kxg8 49. Nxd3 Re8 50. Kf3 Kf7 51. Nc5 Re7 52.
Ne4 Ke6 53. c4 Ke5 54. Nd2 Kd4 0-1

[Event "Chaumont/Epernay"]
[Site "?"]
[Date "2010.11.14"]
[Round "2"]
[White "DA COSTA, Mathieu"]
[Black "MARCHAL, Ludovic"]
[Result "1/2-1/2"]
[WhiteElo "1690"]
[BlackElo "1630"]
[PlyCount "161"]
[EventDate "2010.11.14"]
[SourceDate "2010.11.14"]

1. e4 e6 2. d4 d5 3. exd5 exd5 4. Be2 Nf6 5. Bg5 Be7 6. Bxf6 Bxf6 7. Nf3 Bf5 8.
O-O O-O 9. Nbd2 Nc6 10. c3 Ne7 11. h3 h5 12. Nh2 h4 13. Ng4 Ng6 14. Ne3 Be6 15.
f4 Ne7 16. Ng4 Nf5 17. Bd3 Be7 18. Bxf5 Bxf5 19. Ne3 Bd3 20. Re1 c6 21. Qg4 f5
22. Qh5 Qe8 23. Qxe8 Raxe8 24. Nf3 Be4 25. Ne5 Rf6 26. b3 Re6 27. c4 Bb4 28.
Re2 Ba5 29. Rc1 Bd3 30. Rf2 Be4 31. Re2 Bb6 32. Rd2 Ba5 33. Re2 g6 34. a3 Bb6
35. Rd2 Kg7 36. b4 R6e7 37. a4 a6 38. a5 Ba7 39. Rcd1 Bb8 40. cxd5 cxd5 41. Rc1
Bd6 42. Rb2 Rc7 43. Rxc7+ Bxc7 44. Rb3 Re7 45. Rc3 Bd6 46. Rb3 g5 47. fxg5 Bxe5
48. dxe5 Rxe5 49. Nf1 d4 50. Nd2 Kg6 51. Kf2 Kxg5 52. Nc4 Re6 53. Rb2 Bc6 54.
Rd2 Re4 55. Nd6 Rf4+ 56. Ke1 d3 57. Rxd3 Rxb4 58. Nf7+ Kf6 59. Nd8 Rc4 60. Nxc6
Rxc6 61. Rd4 Kg5 62. Rd7 b6 63. axb6 Rxb6 64. Ra7 Kf4 65. Kf2 Rb2+ 66. Kf1 Ra2
67. Rh7 Kg3 68. Rg7+ Kh2 69. Rg5 f4 70. Rg4 f3 71. gxf3 Kxh3 72. Rc4 a5 73. f4
Kg4 74. f5+ Kxf5 75. Rxh4 a4 76. Ke1 Ke5 77. Kd1 a3 78. Ra4 Kd5 79. Kc1 Kc5 80.
Kb1 Rb2+ 81. Ka1 1/2-1/2

[Event "Chaumont/Epernay"]
[Site "?"]
[Date "2010.11.14"]
[Round "2"]
[White "FREZIER, Sebastien"]
[Black "LOUOT, Catherine"]
[Result "1-0"]
[WhiteElo "1680"]
[BlackElo "1565"]
[PlyCount "83"]
[EventDate "2010.11.14"]
[SourceDate "2010.11.14"]

1. e4 e5 2. Nf3 Nf6 3. Nc3 d6 4. Bc4 Be6 5. Bb3 Nc6 6. d3 Be7 7. O-O O-O 8. Ng5
Bg4 9. f3 Bh5 10. g4 Bg6 11. Nh3 Qd7 12. Nf2 Rad8 13. f4 exf4 14. Bxf4 Nd4 15.
Nd5 Nxd5 16. Bxd5 c6 17. Bb3 d5 18. exd5 Nxb3 19. axb3 Qxd5 20. Rxa7 Rd7 21.
Ra2 f5 22. g5 b5 23. Qd2 Qf3 24. c3 Bf7 25. Qe3 Qd5 26. c4 bxc4 27. bxc4 Qe6
28. Qxe6 Bxe6 29. Re1 Bf7 30. Ra6 c5 31. Rea1 Rd4 32. Be3 Rdd8 33. h4 Rfe8 34.
R1a2 Rd6 35. Bf4 Rdd8 36. Rb6 Rd4 37. Be3 Rxh4 38. Rb7 Bd8 39. Bxc5 Re1+ 40.
Kg2 Re2 41. Raa7 Bh5 42. Rxg7+ 1-0

[Event "LTR/Rethel"]
[Site "?"]
[Date "2010.11.14"]
[Round "2"]
[White "LASSALLE, Arnaud"]
[Black "GASIOR, Jerome"]
[Result "1/2-1/2"]
[WhiteElo "2050"]
[BlackElo "2154"]
[PlyCount "99"]
[EventDate "2010.11.14"]
[SourceDate "2010.11.14"]

1. e4 c5 2. Nf3 d6 3. d4 cxd4 4. Nxd4 Nf6 5. Nc3 g6 6. Be3 Bg7 7. f3 O-O 8. Bc4
Nc6 9. Qd2 Bd7 10. O-O-O Rc8 11. Bb3 Ne5 12. h4 Qa5 13. Kb1 Rxc3 14. Qxc3 Qxc3
15. bxc3 Rc8 16. Ne2 a5 17. a3 a4 18. Ba2 Bb5 19. Nd4 Ba6 20. Ne6 Bh8 21. Nf4
Nc4 22. Bxc4 Rxc4 23. e5 Ne8 24. Nd5 e6 25. exd6 Nxd6 26. Ne7+ Kf8 27. Rxd6
Kxe7 28. Rhd1 Bb5 29. Bg5+ f6 30. Be3 Rxc3 31. Bb6 Bc6 32. Ba5 Rc4 33. Rd8 Bg7
34. Bb4+ Kf7 35. R1d4 Rxd4 36. Rxd4 f5 37. Rd3 Bf6 38. g3 f4 39. Be1 Bb5 40.
Rd1 Ke7 41. gxf4 Ke8 42. Bf2 Bc4 43. h5 Bd5 44. hxg6 hxg6 45. Rd3 b5 46. Bc5
Bd8 47. Bd6 Bb6 48. Be5 Bc5 49. Bd4 Bf8 50. Bb2 1/2-1/2

[Event "LTR/Rethel"]
[Site "?"]
[Date "2010.11.14"]
[Round "2"]
[White "VEDOVOTTO, Nicolas"]
[Black "HALFAOUI, Eddine"]
[Result "1/2-1/2"]
[WhiteElo "2050"]
[BlackElo "1818"]
[PlyCount "95"]
[EventDate "2010.11.14"]
[SourceDate "2010.11.14"]

1. Nc3 e5 2. Nf3 Nc6 3. d4 exd4 4. Nxd4 d5 5. Bf4 a6 6. e3 Nf6 7. Qd2 Bb4 8. f3
O-O 9. O-O-O Nxd4 10. exd4 c6 11. a3 Be7 12. Bd3 b5 13. Ne2 Qb6 14. Bg5 a5 15.
Rhe1 c5 16. Nf4 Be6 17. dxc5 Qc6 18. Qe2 b4 19. Nxe6 bxa3 20. bxa3 fxe6 21.
Qxe6+ Qxe6 22. Rxe6 Bxc5 23. Kb2 Rab8+ 24. Ka2 Bd4 25. Bc1 Bc3 26. a4 d4 27.
Bc4 Kh8 28. Bb3 Nd7 29. Re7 Nc5 30. Bd2 Bxd2 31. Rxd2 d3 32. Re5 Rfc8 33. Ka3
h6 34. Re1 Nxb3 35. cxb3 Rc3 36. Rb1 Kh7 37. Ka2 Kg6 38. Rdb2 Rb7 39. Rd1 Rb8
40. Re1 Kf6 41. g3 Rd8 42. b4 axb4 43. Rxb4 d2 44. Rd1 Rxf3 45. Kb2 Rf2 46.
Rf4+ Rxf4 47. gxf4 Rd4 48. a5 1/2-1/2

[Event "LTR/Rethel"]
[Site "?"]
[Date "2010.11.14"]
[Round "2"]
[White "LOUIS, André"]
[Black "NOIZET, Donatien"]
[Result "1/2-1/2"]
[WhiteElo "1823"]
[BlackElo "1966"]
[PlyCount "96"]
[EventDate "2010.11.14"]
[SourceDate "2010.11.14"]

1. e4 e5 2. Nf3 Nc6 3. Bb5 d6 4. d4 Bd7 5. O-O h6 6. dxe5 Nxe5 7. Bxd7+ Qxd7 8.
Nxe5 dxe5 9. Qxd7+ Kxd7 10. Be3 Nf6 11. f3 Bd6 12. c4 b6 13. Nc3 c6 14. Rad1
Kc7 15. Rd3 Rad8 16. Rfd1 Bb4 17. Ne2 Rxd3 18. Rxd3 Rd8 19. Rxd8 Kxd8 20. Ng3
Ne8 21. Nf5 Kd7 22. Kf2 h5 23. Ke2 g6 24. Ng3 Kd6 25. Kd3 Bc5 26. Nf1 Nc7 27.
Bxc5+ Kxc5 28. Nd2 Ne6 29. Nb3+ Kb4 30. g3 Ng5 31. Nd2 Ne6 32. Nb3 c5 33. Nd2
Nd4 34. f4 f6 35. h4 a6 36. Nf1 exf4 37. gxf4 Ne6 38. f5 gxf5 39. exf5 Nf4+ 40.
Ke4 Ng2 41. Ng3 Kxc4 42. Nxh5 Nxh4 43. Nxf6 Nxf5 44. Kxf5 Kd3 45. Nd7 c4 46.
Nxb6 c3 47. bxc3 Kxc3 48. Ke5 Kb4 $18 (48... Kb4 49. Nd5+ Ka3 50. Nc3 $18)
1/2-1/2

[Event "LTR/Rethel"]
[Site "?"]
[Date "2010.11.14"]
[Round "2"]
[White "MEUNIER, Samuel"]
[Black "HACENE, Ahmed"]
[Result "0-1"]
[WhiteElo "1953"]
[BlackElo "1782"]
[PlyCount "44"]
[EventDate "2010.11.14"]
[SourceDate "2010.11.14"]

1. e4 e5 2. Nf3 Nc6 3. d4 exd4 4. Nxd4 Nf6 5. Nxc6 bxc6 6. e5 Ne4 7. Bc4 d5 8.
exd6 Nxd6 9. Be2 Be7 10. O-O O-O 11. Nc3 Rb8 12. Rb1 Bf6 13. Be3 a6 14. Bd4 Nb5
15. Bxf6 Qxf6 16. Ne4 Qe7 17. Bd3 Be6 18. a3 Rfd8 19. Qe1 Nd4 20. Qc3 Bf5 21.
Rfe1 Bxe4 22. Rxe4 $4 Qxe4 $3 (22... Qxe4 23. Bxe4 Ne2+ $18) 0-1

[Event "LTR/Rethel"]
[Site "?"]
[Date "2010.11.14"]
[Round "2"]
[White "JUPIN, Francois"]
[Black "SOHIER, Renaud"]
[Result "0-1"]
[WhiteElo "1780"]
[BlackElo "1945"]
[PlyCount "72"]
[EventDate "2010.11.14"]
[SourceDate "2010.11.14"]

1. d4 d5 2. Nf3 e6 3. e3 Nd7 4. Bd3 c5 5. b3 cxd4 6. exd4 Bd6 7. Bb2 Ne7 8. O-O
Ng6 9. g3 O-O 10. Nbd2 b6 11. Qe2 Re8 12. Bxg6 hxg6 13. Ne5 Nxe5 14. dxe5 Bc5
15. Rfd1 Bb7 16. Nf3 Qc8 17. a3 a5 18. Bd4 Bxd4 19. Nxd4 f6 20. f4 Ba6 21. Qf3
Qc5 22. Rd2 Rac8 23. h4 Kf7 24. h5 gxh5 25. Qxh5+ Ke7 26. exf6+ gxf6 27. Qh7+
Kd6 28. Qf7 $4 Qc3 29. Rad1 Qxg3+ 30. Rg2 Qe3+ 31. Rf2 Rg8+ 32. Kh1 Rh8+ 33.
Rh2 Rxh2+ 34. Kxh2 Qf2+ 35. Kh3 Rh8+ 36. Kg4 Qg2# 0-1

[Event "LTR/Rethel"]
[Site "?"]
[Date "2010.11.14"]
[Round "2"]
[White "LAMBERT, Alban"]
[Black "ATANECIAN, Valerik"]
[Result "0-1"]
[WhiteElo "1790"]
[BlackElo "1499"]
[PlyCount "94"]
[EventDate "2010.11.14"]
[SourceDate "2010.11.14"]

1. e4 g6 2. d4 e6 3. Nf3 Bg7 4. Nc3 b6 5. Bc4 Bb7 6. O-O Ne7 7. Bf4 d6 8. Ng5
h6 9. Nxe6 fxe6 10. Bxe6 Bc8 11. Qg4 Bxe6 12. Qxe6 Qd7 13. Qc4 Nbc6 14. Rad1
Na5 15. Qe2 O-O 16. Bg3 a6 17. f4 Nac6 18. e5 d5 19. Qd2 Nd8 20. Ne2 c6 21. Qb4
b5 22. b3 Nf5 23. Rd3 a5 24. Qd2 a4 25. Qb4 Qe7 26. Qxe7 Nxe7 27. Rc1 Nf5 28.
c4 axb3 29. axb3 bxc4 30. bxc4 dxc4 31. Rxc4 Ra2 32. Kf1 Ra1+ 33. Kf2 Nxg3 34.
hxg3 Ra6 35. Rdc3 Ra7 36. Ke3 Re8 37. g4 Bf8 38. f5 c5 39. Ke4 Nf7 40. fxg6
Nd6+ 41. Kf4 Nxc4 42. Rxc4 cxd4 43. Nxd4 Ra6 44. e6 Bg7 45. Nf5 Raxe6 46. Rc7
Be5+ 47. Kf3 Bxc7 0-1

[Event "LTR/Rethel"]
[Site "?"]
[Date "2010.11.14"]
[Round "2"]
[White "BELOUCIF, Zoubir"]
[Black "BINIAUX, Mickael"]
[Result "0-1"]
[WhiteElo "1600"]
[BlackElo "1751"]
[PlyCount "46"]
[EventDate "2010.11.14"]
[SourceDate "2010.11.14"]

1. c4 e5 2. Nc3 Nc6 3. Nf3 f5 4. d3 Nf6 5. Bg5 Be7 6. Bxf6 Bxf6 7. Nd5 d6 8.
Rb1 Be6 9. e4 O-O 10. Be2 Bxd5 11. cxd5 Ne7 12. O-O Qe8 13. Qc1 c6 14. dxc6
bxc6 15. Qd2 Qg6 16. Rfe1 d5 17. exd5 cxd5 18. Bf1 e4 19. dxe4 dxe4 20. Nd4
Rfd8 21. Bc4+ Kh8 22. Qb4 Rxd4 23. Qb7 Rad8 0-1

[Event "LTR/Rethel"]
[Site "?"]
[Date "2010.11.14"]
[Round "2"]
[White "PIERLOT, Aurore"]
[Black "LOUIS, Sophie"]
[Result "0-1"]
[WhiteElo "1440"]
[BlackElo "1390"]
[PlyCount "84"]
[EventDate "2010.11.14"]
[SourceDate "2010.11.14"]

1. e4 e5 2. Nf3 Nc6 3. Bc4 Nf6 4. Ng5 d5 5. exd5 Nxd5 6. Nxf7 Kxf7 7. Qf3+ Ke6
8. Nc3 Ncb4 9. Bxd5+ Nxd5 10. Nxd5 Qxd5 11. Qxd5+ Kxd5 12. O-O Bc5 13. b3 Bf5
14. c4+ Ke6 15. Bb2 Rhe8 16. Rae1 Kf6 17. Kh1 Bd3 18. Rg1 Bxf2 19. Rgf1 Bxf1
20. Rxf1 Ke6 21. Rxf2 Rf8 22. Rxf8 Rxf8 23. h3 Rf2 24. Bc3 Rf1+ 25. Kh2 Rc1 26.
Kg3 Kf5 27. Kf3 h5 28. g4+ hxg4+ 29. hxg4+ Ke6 30. a4 c5 31. Ke4 Re1+ 32. Kf3
g6 33. a5 Rb1 34. Ke4 Rg1 35. Kf3 Kf6 36. b4 cxb4 37. Bxb4 Kg5 38. Bc5 Rxg4 39.
Bxa7 Rxc4 40. Be3+ Kf5 41. Bb6 g5 42. Ke3 g4 0-1

[Event "Chalons/Ech Aubois"]
[Site "?"]
[Date "2010.11.14"]
[Round "2"]
[White "SALAZAR, Diego"]
[Black "CHERY, Quentin"]
[Result "1-0"]
[WhiteElo "1893"]
[BlackElo "1900"]
[PlyCount "79"]
[EventDate "2010.11.14"]
[SourceDate "2010.11.14"]

1. c4 e5 2. Nc3 Bc5 3. e4 d6 4. Nf3 Bg4 5. Be2 Nf6 6. d3 O-O 7. Bg5 c6 8. a3 a5
9. O-O Nbd7 10. Rb1 Bxf3 11. Bxf3 Bd4 12. Ne2 Rb8 13. Nxd4 exd4 14. Bg4 Ne5 15.
Bf5 h6 16. Bh4 Ng6 17. Bg3 c5 18. b4 axb4 19. axb4 b6 20. Bxg6 fxg6 21. bxc5
bxc5 22. Rb5 Qe7 23. Qb3 Rbc8 24. h3 Nh5 25. Bh2 Nf4 26. Bxf4 Rxf4 27. Rb7 Rc7
28. Rb8+ Rf8 29. Ra1 Rcc8 30. Rb7 Qf6 31. f3 Rf7 32. Raa7 Rcf8 33. Rxf7 Rxf7
34. Qb8+ Rf8 35. Qb7 Qf7 36. Qb6 Qf4 37. Qb1 Qg3 38. Qb7 Qe5 39. Ra6 Rd8 40.
Qc7 1-0

[Event "Chalons/Ech Aubois"]
[Site "?"]
[Date "2010.11.14"]
[Round "2"]
[White "CHITTIER, Celine"]
[Black "VEILLERETTE, Patrick"]
[Result "1/2-1/2"]
[WhiteElo "1893"]
[BlackElo "1900"]
[PlyCount "87"]
[EventDate "2010.11.14"]
[SourceDate "2010.11.14"]

1. Nf3 d5 2. d4 Nf6 3. Bf4 e6 4. e3 Bd6 5. Bg5 Be7 6. c4 h6 7. Bh4 O-O 8. Bd3
dxc4 9. Bxc4 b6 10. O-O Bb7 11. Nc3 Ne4 12. Nxe4 Bxe4 13. Bxe7 Qxe7 14. Rc1 Nd7
15. Bb5 Nf6 16. Ne5 c5 17. dxc5 bxc5 18. Qe2 Qc7 19. Ng4 Nxg4 20. Qxg4 Qb6 21.
Qxe4 Qxb5 22. Rc2 Qb4 23. Qc4 Rab8 24. b3 Rfc8 25. Rfc1 Qa3 26. g3 a5 27. Kf1
a4 28. Qxa4 Qxa4 29. bxa4 Rb4 30. Rxc5 Rxc5 31. Rxc5 Rb2 32. Rc8+ Kh7 33. a5
Rxa2 34. Ra8 h5 35. a6 g6 36. a7 Kg7 37. Ke1 Kf6 38. Kd1 Ke7 39. Kc1 Ra1+ 40.
Kb2 Ra6 41. Kb3 Ra1 42. Kb4 Ra2 43. f4 Ra6 44. Kb5 1/2-1/2

[Event "Chalons/Ech Aubois"]
[Site "?"]
[Date "2010.11.14"]
[Round "2"]
[White "HARNICK, Cecilien"]
[Black "CATHERINE, Bertrand"]
[Result "1-0"]
[WhiteElo "1956"]
[BlackElo "1823"]
[PlyCount "73"]
[EventDate "2010.11.14"]
[SourceDate "2010.11.14"]

1. e4 c5 2. Nf3 Nc6 3. d4 cxd4 4. Nxd4 e5 5. Nb5 d6 6. c4 Be7 7. N1c3 a6 8. Na3
f5 9. f3 Nf6 10. Bg5 Nh5 11. Bxe7 Qxe7 12. Qd2 Nf6 13. Bd3 f4 14. Bc2 O-O 15.
O-O-O Nd4 16. Ne2 Nxe2+ 17. Qxe2 Be6 18. Qd2 Rac8 19. Qxd6 Qxd6 20. Rxd6 Bxc4
21. Nxc4 Rxc4 22. Kb1 Rcc8 23. Bb3+ Kh8 24. Rb6 Rc7 25. Rd1 Rfc8 26. Be6 Re8
27. Rbd6 h6 28. Rd8 Rce7 29. Bb3 Kh7 30. Rxe8 Rxe8 31. Rd6 Re7 32. Kc2 Rc7+ 33.
Kd2 Rd7 34. Rxd7 Nxd7 35. Bd5 b6 36. Kc3 g5 37. Be6 1-0

[Event "Chalons/Ech Aubois"]
[Site "?"]
[Date "2010.11.14"]
[Round "2"]
[White "GONCALVES, D."]
[Black "THYES, Romuald"]
[Result "0-1"]
[WhiteElo "1780"]
[BlackElo "1900"]
[PlyCount "40"]
[EventDate "2010.11.14"]
[SourceDate "2010.11.14"]

1. e4 e5 2. f4 exf4 3. Nf3 g5 4. Bc4 g4 5. Ne5 Qh4+ 6. Kf1 Nf6 7. Nc3 Nc6 8.
Nxc6 dxc6 9. d4 Nh5 10. Kg1 Be7 11. Bd2 b5 12. Be2 Qg5 13. Be1 b4 14. Na4 Nf6
15. Qd3 a5 16. c4 h5 17. e5 Bf5 18. Bh4 Qg6 19. Qd1 Ne4 20. Bxe7 Kxe7 0-1

[Event "Chalons/Ech Aubois"]
[Site "?"]
[Date "2010.11.14"]
[Round "2"]
[White "DIGOT, Jeremy"]
[Black "SOLANAS, Ricardo"]
[Result "1-0"]
[WhiteElo "1690"]
[BlackElo "1644"]
[PlyCount "75"]
[EventDate "2010.11.14"]
[SourceDate "2010.11.14"]

1. d4 Nf6 2. c4 e6 3. Nc3 Bb4 4. Qc2 O-O 5. Bd2 d5 6. e3 c5 7. dxc5 Bxc5 8.
cxd5 exd5 9. Bd3 d4 10. exd4 Bxd4 11. Nge2 Re8 12. O-O Be5 13. Bg5 Nbd7 14.
Bxh7+ Kh8 15. Bf5 Qc7 16. f4 Qc5+ 17. Kh1 Bc7 18. Ng3 Nb6 19. Nce2 Qxc2 20.
Bxc2 Ng4 21. Rae1 f6 22. Bh4 Bd7 23. Bg6 Re7 24. Ne4 Bc6 25. N2c3 Nc4 26. b3
Nce3 27. Rf3 Bb6 28. h3 Nh6 29. Rfxe3 Bxe3 30. Rxe3 Rd8 31. Rg3 Red7 32. Nxf6
Rd3 33. Bxd3 Rf8 34. Nfd5 Nf5 35. Bxf5 Rxf5 36. Ne7 Rc5 37. Nxc6 Rxc6 38. f5
1-0

[Event "Chalons/Ech Aubois"]
[Site "?"]
[Date "2010.11.14"]
[Round "2"]
[White "PELADE, Thierry"]
[Black "VEILLERETTE, Chantal"]
[Result "1-0"]
[WhiteElo "1720"]
[BlackElo "1660"]
[PlyCount "59"]
[EventDate "2010.11.14"]
[SourceDate "2010.11.14"]

1. e4 e6 2. f4 d6 3. Nf3 c5 4. Nc3 Nc6 5. Bc4 Nf6 6. O-O Be7 7. d3 O-O 8. a3 d5
9. exd5 exd5 10. Ba2 Bg4 11. h3 Bh5 12. g4 Nxg4 13. hxg4 Bxg4 14. Bxd5 Nd4 15.
Qd2 Bf6 16. Be4 Re8 17. Qg2 h5 18. Nd5 Bxf3 19. Nxf6+ Qxf6 20. Bxf3 Qh4 21. Qf2
Qh3 22. Bd2 Re6 23. Bc3 Rg6+ 24. Bg2 Nf5 25. Qf3 Rg3 26. Qxb7 Re8 27. Rae1 Rf8
28. Kf2 Qg4 29. Bf3 Qxf4 30. Be5 1-0